[Event "XXXII Memorial Edoardo Crespi B"]
[Site "Milano ITA"]
[Date "2011.12.08"]
[Round "2"]
[White "Pandini, Giuseppe"]
[Black "Olivo, Mario"]
[Result "0-1"]
[WhiteElo "1785"]
[BlackElo "1860"]
[PlyCount "85"]
[EventDate "2011.12.07"]

1. f4 Nf6 2. Nf3 d6 3. e3 c5 4. b3 Nc6 5. Bb2 e6 6. Be2 Be7 7. O-O O-O 8. Qe1
d5 9. c3 Qc7 10. Na3 a6 11. Nc2 e5 12. fxe5 Nxe5 13. Nxe5 Qxe5 14. Bf3 Bd6 15.
g3 Bh3 16. Rf2 Rae8 17. Qe2 Qg5 18. Ne1 h5 19. Ng2 Re7 20. c4 d4 21. e4 Ng4 22.
Bxg4 Bxg4 23. Qe1 Rfe8 24. d3 f5 25. Bc1 Qf6 26. Qf1 g6 27. Bd2 Qg7 28. exf5
Bxf5 29. Nh4 Bg4 30. Rf6 Re6 31. Rxe6 Rxe6 32. Re1 Rxe1 33. Qxe1 Qf7 34. Qe4
Kg7 35. a3 Bh3 36. Qe1 Be7 37. Ng2 Bf5 38. Qe2 g5 39. Ne1 Bf6 40. Nf3 Qg6 41.
Ne1 g4 42. h4 b6 43. Bf4 0-1

[Event "XXXII Memorial Edoardo Crespi B"]
[Site "Milano ITA"]
[Date "2011.12.08"]
[Round "2"]
[White "Patrucco, Carlo"]
[Black "Sala, Giovanni"]
[Result "0-1"]
[WhiteElo "1884"]
[BlackElo "1985"]
[PlyCount "52"]
[EventDate "2011.12.07"]

1. e4 c5 2. Nf3 d6 3. Bb5+ Bd7 4. Bxd7+ Qxd7 5. O-O Nc6 6. c3 Nf6 7. Qe2 e6 8.
Rd1 Be7 9. d4 cxd4 10. cxd4 d5 11. e5 Ne4 12. Nbd2 Nxd2 13. Bxd2 O-O 14. Bg5
Bxg5 15. Nxg5 h6 16. Nh3 Rac8 17. Nf4 Qe7 18. Rd3 Qh4 19. g3 Qg5 20. h4 Qf5 21.
Rad1 Nb4 22. Rf3 Rc2 23. Rd2 Rc1+ 24. Kg2 Qb1 25. Rc3 Re1 26. Qg4 Rg1+ 0-1

[Event "XXXII Memorial Edoardo Crespi B"]
[Site "Milano ITA"]
[Date "2011.12.08"]
[Round "2"]
[White "Pelizzola, Danilo"]
[Black "Roversi, Stefano"]
[Result "1-0"]
[WhiteElo "1978"]
[BlackElo "1836"]
[PlyCount "129"]
[EventDate "2011.12.07"]

1. e4 c5 2. Nf3 Nc6 3. b3 d6 4. Bb2 Bg4 5. Be2 Nf6 6. Nc3 e6 7. d3 Be7 8. Nd2
Bxe2 9. Nxe2 O-O 10. O-O d5 11. Ng3 Qc7 12. Nh5 Nxh5 13. Qxh5 Qf4 14. Qe2 Bd6
15. g3 Qh6 16. c4 d4 17. f4 e5 18. fxe5 Nxe5 19. Rae1 Rae8 20. Bc1 Qh3 21. Nf3
Nxf3+ 22. Qxf3 f5 23. exf5 Rxe1 24. Rxe1 Qxf5 25. Qxf5 Rxf5 26. Re6 Bf8 27. Kg2
Kf7 28. Re4 Bd6 29. g4 Rf6 30. Bd2 Bc7 31. Bg5 Re6 32. Rxe6 Kxe6 33. h3 a6 34.
Kf3 b5 35. cxb5 axb5 36. Ke4 h6 37. Bc1 b4 38. h4 Bg3 39. h5 Bc7 40. a4 bxa3
41. Bxa3 Bd6 42. Bb2 Be7 43. Ba3 Bd6 44. Bc1 Be7 45. Bd2 Bd6 46. Be1 Be7 47.
Ba5 Bd6 48. Bb6 Be7 49. Bc7 Bf6 50. Bg3 Be7 51. b4 cxb4 52. Kxd4 Bf6+ 53. Kc4
Bc3 54. d4 Kf6 55. Bf4 Be1 56. d5 Bc3 57. Be3 Ke5 58. Bc5 Kf4 59. Bxb4 Bf6 60.
Bc3 Bg5 61. Bd2+ Kxg4 62. Bxg5 Kxg5 63. d6 Kf6 64. Kd5 Kf7 65. Kc6 1-0

[Event "XXXII Memorial Edoardo Crespi B"]
[Site "Milano ITA"]
[Date "2011.12.08"]
[Round "2"]
[White "Petrone, Gianmario"]
[Black "Cocconcelli, Lorenzo"]
[Result "1/2-1/2"]
[WhiteElo "1937"]
[BlackElo "1900"]
[PlyCount "87"]
[EventDate "2011.12.07"]

1. e4 e6 2. d4 d5 3. Nc3 Bb4 4. e5 c5 5. a3 Bxc3+ 6. bxc3 Qa5 7. Bd2 Qa4 8. Qg4
g6 9. Ra2 b6 10. Nf3 Ba6 11. Bd3 Bxd3 12. cxd3 Qb3 13. Ra1 Qc2 14. O-O Ne7 15.
dxc5 bxc5 16. Bg5 Nbc6 17. Bf6 Rg8 18. Rfc1 Qxd3 19. Qa4 Rc8 20. Rab1 Qc4 21.
Qxc4 dxc4 22. Bxe7 Nxe7 23. Ng5 h6 24. Ne4 Kf8 25. Rb7 Nd5 26. Rxa7 Kg7 27. Nd6
Rc7 28. Rxc7 Nxc7 29. Rb1 Nd5 30. Rb7 Rf8 31. Nxc4 Nxc3 32. Nd6 Kg8 33. Rc7 Rb8
34. g3 Nb5 35. Rxc5 Nxd6 36. exd6 Rb1+ 37. Kg2 Rd1 38. Rc8+ Kg7 39. Rd8 Kf6 40.
a4 Rd5 41. Rd7 Ra5 42. Rd8 Rxa4 43. d7 Rd4 44. Rh8 1/2-1/2

[Event "XXXII Memorial Edoardo Crespi B"]
[Site "Milano ITA"]
[Date "2011.12.08"]
[Round "2"]
[White "Piantoni, Pierino"]
[Black "Saffioti, Massimo"]
[Result "1-0"]
[WhiteElo "1932"]
[BlackElo "1869"]
[PlyCount "88"]
[EventDate "2011.12.07"]

1. Nf3 d5 2. c4 e6 3. g3 Nf6 4. Bg2 Bd6 5. Qc2 Nbd7 6. b3 O-O 7. Nc3 c6 8. e4
dxe4 9. Ng5 Nc5 10. Ngxe4 Nfxe4 11. Nxe4 Nxe4 12. Qxe4 f5 13. Qc2 Qf6 14. Bb2
Be5 15. O-O-O Bxb2+ 16. Qxb2 Bd7 17. f4 Rad8 18. d4 Bc8 19. d5 exd5 20. cxd5
Qxb2+ 21. Kxb2 c5 22. Rhe1 Rd6 23. Re7 Bd7 24. Rde1 Rf7 25. R7e5 b6 26. Kc3 Bc8
27. b4 cxb4+ 28. Kxb4 Rc7 29. Re7 Rxe7 30. Rxe7 Bd7 31. Kc4 Kf8 32. Re1 Kf7 33.
Kd4 Kf6 34. Rc1 h6 35. Rc7 a5 36. Ra7 Be8 37. Bf3 Bf7 38. Rc7 g5 39. Rc6 Ke7
40. Ke5 Rxc6 41. dxc6 gxf4 42. gxf4 Bxa2 43. Be2 a4 44. Ba6 a3 1-0

[Event "XXXII Memorial Edoardo Crespi B"]
[Site "Milano ITA"]
[Date "2011.12.08"]
[Round "2"]
[White "Popovich, Fabio"]
[Black "Bernago, Federico"]
[Result "1/2-1/2"]
[WhiteElo "1847"]
[BlackElo "1946"]
[PlyCount "97"]
[EventDate "2011.12.07"]

1. e4 c5 2. Nc3 Nc6 3. d3 e6 4. g3 Rb8 5. Bg2 b5 6. f4 Nge7 7. Be3 d6 8. Nf3
Qc7 9. O-O g6 10. d4 b4 11. dxc5 dxc5 12. Na4 Ba6 13. Rf2 Rd8 14. Rd2 c4 15.
Nc5 Bc8 16. Qe2 Rxd2 17. Nxd2 c3 18. bxc3 bxc3 19. Nc4 Bg7 20. e5 O-O 21. Ne4
Ba6 22. Nc5 Bc8 23. Nd6 Nf5 24. Nxf5 exf5 25. Qc4 Nd8 26. Qxc3 Ne6 27. Qb4 Rd8
28. c4 Bf8 29. Nxe6 Bxe6 30. c5 Bd5 31. Qc3 Bxg2 32. Kxg2 Qc6+ 33. Kf2 Rc8 34.
Rc1 Be7 35. Qc4 Kf8 36. a4 Qe6 37. Qxe6 fxe6 38. Ke2 Rc6 39. Rc4 Ke8 40. Kd3
Kd7 41. Kc3 Bd8 42. Kb4 a6 43. Rd4+ Kc7 44. Rd6 Be7 45. Rxc6+ Kxc6 46. h3 Bd8
47. g4 h6 48. gxf5 gxf5 49. Kc4 1/2-1/2

[Event "XXXII Memorial Edoardo Crespi B"]
[Site "Milano ITA"]
[Date "2011.12.08"]
[Round "2"]
[White "Ranfagni, Stefano"]
[Black "Papa, Angelo"]
[Result "1-0"]
[WhiteElo "1998"]
[BlackElo "1850"]
[PlyCount "45"]
[EventDate "2011.12.07"]

1. e4 g6 2. d4 Bg7 3. Nc3 c6 4. Nf3 d6 5. Bd3 Nf6 6. O-O O-O 7. h3 Nbd7 8. Be3
Qc7 9. Qd2 b5 10. Bh6 Bb7 11. Bxg7 Kxg7 12. b4 Rac8 13. Qe3 a6 14. e5 Nd5 15.
Nxd5 cxd5 16. e6 Nf6 17. exf7 e5 18. Ng5 Qd7 19. dxe5 dxe5 20. Qxe5 Rxf7 21.
Nxf7 Qxf7 22. Rfe1 Re8 23. Qd6 1-0

[Event "XXXII Memorial Edoardo Crespi B"]
[Site "Milano ITA"]
[Date "2011.12.08"]
[Round "2"]
[White "Rechi Montes, Xavier"]
[Black "Lanzani, Giuliano"]
[Result "1-0"]
[WhiteElo "1900"]
[BlackElo "1953"]
[PlyCount "85"]
[EventDate "2011.12.07"]

1. e4 g6 2. d4 Bg7 3. Nc3 d6 4. Be2 a6 5. Be3 b5 6. a3 Nd7 7. Nf3 Bb7 8. Qd2 c5
9. d5 Ne5 10. Nxe5 Bxe5 11. O-O e6 12. Rad1 exd5 13. exd5 Ne7 14. b4 cxb4 15.
axb4 Nf5 16. Bf4 Qh4 17. Bxe5 dxe5 18. Nxb5 axb5 19. Bxb5+ Kf8 20. f4 Qf6 21.
Kh1 Qb6 22. c4 Qe3 23. Qb2 Kg8 24. fxe5 Qh6 25. Qf2 Ra3 26. e6 fxe6 27. Qc5 Kg7
28. dxe6 Bxg2+ 29. Kxg2 Qh3+ 30. Kg1 Qg4+ 31. Kh1 Ng3+ 32. hxg3 Qh3+ 33. Kg1
Qxg3+ 34. Kh1 Qh4+ 35. Kg1 Rg3+ 36. Kf2 Rf8+ 37. Qxf8+ Kxf8 38. Rd7 Qh2+ 39.
Ke1+ Rf3 40. Rxf3+ Kg8 41. Rf8+ Kxf8 42. e7+ Kf7 43. e8=Q+ 1-0

[Event "XXXII Memorial Edoardo Crespi B"]
[Site "Milano ITA"]
[Date "2011.12.08"]
[Round "2"]
[White "Riboldi, Raffaele"]
[Black "Grigioni, Giulio"]
[Result "1-0"]
[WhiteElo "1887"]
[BlackElo "1896"]
[PlyCount "61"]
[EventDate "2011.12.07"]

1. d4 Nf6 2. c4 e6 3. Nc3 d5 4. cxd5 exd5 5. Bg5 Be7 6. e3 O-O 7. Bd3 c6 8. Qc2
h6 9. Bh4 b6 10. Nge2 Na6 11. a3 Nc7 12. O-O c5 13. Rac1 c4 14. Bf5 a6 15. Bxc8
Qxc8 16. Bg3 Qd7 17. Be5 Ng4 18. Bxc7 Qxc7 19. Nf4 g5 20. Ncxd5 Qd6 21. Nxe7+
Qxe7 22. Ne2 Qd6 23. Ng3 Rac8 24. h3 Nf6 25. Nf5 Qe6 26. Nxh6+ Kg7 27. Nf5+ Kh8
28. Ng3 Rg8 29. Qf5 Qc6 30. e4 Rce8 31. e5 1-0

[Event "XXXII Memorial Edoardo Crespi B"]
[Site "Milano ITA"]
[Date "2011.12.08"]
[Round "2"]
[White "Rossi, Giampiero"]
[Black "Falchi, Claudio"]
[Result "1-0"]
[WhiteElo "1910"]
[BlackElo "1784"]
[PlyCount "60"]
[EventDate "2011.12.07"]

1. d4 e6 2. c4 f5 3. Nf3 Nf6 4. g3 d5 5. Bg2 c6 6. O-O Bd6 7. b3 Qe7 8. c5 Bc7
9. Bf4 Bxf4 10. gxf4 O-O 11. Nc3 Ne4 12. Qc1 Nd7 13. e3 Ndf6 14. Ne5 Nxc3 15.
Qxc3 Ne4 16. Bxe4 fxe4 17. f3 exf3 18. Rxf3 Bd7 19. Rg3 Kh8 20. Qd2 Rg8 21. Qg2
g6 22. Kh1 Rg7 23. Rg1 Rag8 24. Rg5 Be8 25. Qh3 h5 26. b4 a6 27. a4 Kh7 28. a5
Bf7 29. Nf3 Be8 30. Re5 Bd7 1-0

[Event "XXXII Memorial Edoardo Crespi B"]
[Site "Milano ITA"]
[Date "2011.12.08"]
[Round "2"]
[White "Santini, Alberto"]
[Black "Marinc, Damir"]
[Result "0-1"]
[WhiteElo "1872"]
[BlackElo "2003"]
[PlyCount "70"]
[EventDate "2011.12.07"]

1. d4 d5 2. c4 c6 3. cxd5 cxd5 4. Nc3 Nf6 5. Nf3 Nc6 6. Bf4 Nh5 7. Bg3 Nxg3 8.
hxg3 e6 9. e3 Qb6 10. Qc2 g6 11. a3 Bd7 12. Bd3 Bg7 13. O-O Rc8 14. Qd2 Na5 15.
Rab1 O-O 16. Rfd1 Rc7 17. Bf1 Rfc8 18. e4 dxe4 19. Nxe4 Nb3 20. Qf4 Bc6 21. Nd6
Bxf3 22. Nxc8 Rxc8 23. gxf3 Bxd4 24. Kg2 Rc2 25. Kh3 e5 26. Qg4 Rxf2 27. Bg2
Qc6 28. Rf1 Rc2 29. Rfe1 Nd2 30. Rbd1 h5 31. Qh4 Nxf3 32. Bxf3 Qxf3 33. Qe4 Qf2
34. Rh1 Re2 35. Qxb7 Qf5+ 0-1

[Event "XXXII Memorial Edoardo Crespi B"]
[Site "Milano ITA"]
[Date "2011.12.08"]
[Round "2"]
[White "Scagliotti, Guglielmo"]
[Black "Regorda, Vittorio"]
[Result "1-0"]
[WhiteElo "1777"]
[BlackElo "1844"]
[PlyCount "82"]
[EventDate "2011.12.07"]

1. e4 e6 2. d4 d5 3. Nc3 Nf6 4. Bg5 Bb4 5. e5 Bxc3+ 6. bxc3 h6 7. Bd2 Ne4 8.
Bd3 Nxd2 9. Qxd2 b6 10. Nf3 Ba6 11. O-O Bxd3 12. cxd3 O-O 13. a4 Nc6 14. Rfb1
Na5 15. Qe2 Rc8 16. h4 Qe7 17. c4 Rfd8 18. c5 Rf8 19. Qc2 g5 20. hxg5 hxg5 21.
g4 f5 22. Qd2 f4 23. Kg2 Kg7 24. Qc3 Kg6 25. Rh1 Rh8 26. Rac1 Rxh1 27. Rxh1 Rg8
28. Rh5 Rg7 29. Rxg5+ Kf7 30. Rxg7+ Kxg7 31. Qd2 Nb3 32. Qxf4 bxc5 33. dxc5
Nxc5 34. Qg5+ Qxg5 35. Nxg5 Nxd3 36. Nxe6+ Kf7 37. Nxc7 Nxe5 38. Nxd5 Nxg4 39.
Kf3 Ne5+ 40. Ke4 Nc4 41. Kd4 Nb6 1-0

[Event "XXXII Memorial Edoardo Crespi B"]
[Site "Milano ITA"]
[Date "2011.12.08"]
[Round "2"]
[White "Sottroi, Carlo"]
[Black "Ferrari, Claudio"]
[Result "1/2-1/2"]
[WhiteElo "1949"]
[BlackElo "1879"]
[PlyCount "56"]
[EventDate "2011.12.07"]

1. e4 e5 2. Bc4 Bc5 3. Qe2 d6 4. Nf3 Nf6 5. c3 Nc6 6. b4 Bb6 7. O-O O-O 8. d3
Ne7 9. a4 a6 10. Bg5 Ng6 11. h3 Be6 12. Nbd2 h6 13. Be3 Ba7 14. Nh2 Qe7 15. Kh1
d5 16. exd5 Bxd5 17. Ng4 c6 18. Nxf6+ Qxf6 19. Qg4 Rfd8 20. Rad1 Nh4 21. Ne4
Bxe4 22. Qxe4 Nf5 23. Bxa7 Rxa7 24. Bb3 Raa8 25. Bc2 Nd6 26. Qe3 Re8 27. Bb3
Re7 28. Rfe1 Rae8 1/2-1/2

[Event "XXXII Memorial Edoardo Crespi B"]
[Site "Milano ITA"]
[Date "2011.12.08"]
[Round "2"]
[White "Swannie, Douglas"]
[Black "Forno, Roberto"]
[Result "0-1"]
[WhiteElo "1955"]
[BlackElo "1911"]
[PlyCount "50"]
[EventDate "2011.12.07"]

1. d4 d6 2. c4 g6 3. Nc3 Bg7 4. e4 Nc6 5. Be3 Nf6 6. Be2 O-O 7. f4 e5 8. fxe5
dxe5 9. d5 Nd4 10. Bxd4 exd4 11. Qxd4 Re8 12. Qd3 Qe7 13. e5 Qxe5 14. Nf3 Qd6
15. Qd2 Ng4 16. Nb5 Qc5 17. Nbd4 Bh6 18. Qc2 Ne3 19. Qa4 Nxg2+ 20. Kf2 Bh3 21.
b4 Qd6 22. Nc2 Qf4 23. Rad1 Ne3 24. Rd4 Ng4+ 25. Ke1 Qxf3 0-1

[Event "XXXII Memorial Edoardo Crespi B"]
[Site "Milano ITA"]
[Date "2011.12.08"]
[Round "2"]
[White "Virzi, Ettore"]
[Black "Alidosi, Marco"]
[Result "1-0"]
[WhiteElo "1966"]
[BlackElo "1817"]
[PlyCount "75"]
[EventDate "2011.12.07"]

1. e4 e6 2. d4 d5 3. Nc3 Nf6 4. e5 Nfd7 5. f4 c5 6. Nf3 Nc6 7. Be3 cxd4 8. Nxd4
Bc5 9. Qd2 Bxd4 10. Bxd4 Nxd4 11. Qxd4 Qb6 12. Nb5 Qxd4 13. Nxd4 Ke7 14. Bb5 f6
15. Bxd7 Bxd7 16. Kd2 fxe5 17. fxe5 Rhf8 18. Rhf1 Rae8 19. Ke2 Rc8 20. Rxf8
Kxf8 21. c3 Ke7 22. g4 Rf8 23. Rf1 h6 24. Rxf8 Kxf8 25. h4 Ke7 26. Ke3 Be8 27.
Kf4 a6 28. Ke3 Bg6 29. Ne2 Bb1 30. a3 g6 31. Nf4 Be4 32. Kd4 b6 33. c4 g5 34.
hxg5 hxg5 35. cxd5 Bf3 36. Nxe6 Bxg4 37. Nxg5 Bf5 38. Ne4 1-0

[Event "XXXII Memorial Edoardo Crespi B"]
[Site "Milano ITA"]
[Date "2011.12.08"]
[Round "3"]
[White "Alberio, Silvio"]
[Black "Villalba, Fernando"]
[Result "1-0"]
[WhiteElo "1755"]
[BlackElo "1865"]
[PlyCount "89"]
[EventDate "2011.12.07"]

1. d4 Nf6 2. c4 e6 3. Nc3 d5 4. cxd5 exd5 5. Bg5 c6 6. e3 Nbd7 7. Bd3 Bb4 8.
Nge2 O-O 9. O-O h6 10. Bh4 Bd6 11. Bg3 Qe7 12. Bxd6 Qxd6 13. Ng3 Nb6 14. Qc2
Bd7 15. b3 Rfe8 16. Bf5 Rac8 17. Bxd7 Qxd7 18. Qf5 Qe7 19. Rac1 Qe6 20. Rc2
Rcd8 21. Qxe6 fxe6 22. Nce2 Nbd7 23. Rd1 g5 24. Nc1 h5 25. Nd3 h4 26. Ne2 Rf8
27. Nc3 Ng4 28. h3 Nh6 29. Na4 g4 30. Nac5 Rf6 31. Nxb7 Rdf8 32. Rxc6 gxh3 33.
gxh3 Nf7 34. Nf4 Ng5 35. Nc5 Nxc5 36. dxc5 R8f7 37. Kf1 Rf5 38. Ke2 e5 39. Rg1
Kh7 40. Rg6 Rxf4 41. R6xg5 Rxf2+ 42. Ke1 R2f6 43. Rh5+ Rh6 44. Rxh6+ Kxh6 45.
Ke2 1-0

[Event "XXXII Memorial Edoardo Crespi B"]
[Site "Milano ITA"]
[Date "2011.12.08"]
[Round "3"]
[White "Alidosi, Marco"]
[Black "Palmieri, Giovanni"]
[Result "0-1"]
[WhiteElo "1817"]
[BlackElo "1802"]
[PlyCount "146"]
[EventDate "2011.12.07"]

1. d4 Nf6 2. c3 e6 3. Bf4 Be7 4. e3 d5 5. Nd2 c5 6. h3 Nc6 7. Ngf3 c4 8. Ne5
O-O 9. Be2 Nxe5 10. dxe5 Nd7 11. O-O Nc5 12. Nf3 Bd7 13. Nd4 b5 14. Qc2 a5 15.
Bh2 Qb6 16. f4 b4 17. Rf3 a4 18. Raf1 b3 19. axb3 axb3 20. Qc1 Ne4 21. f5 exf5
22. Nxf5 Bxf5 23. Rxf5 Bg5 24. R5f3 Rad8 25. Bf4 Bxf4 26. Rxf4 Ng3 27. R1f2
Nxe2+ 28. Rxe2 Qe6 29. Rd4 Qxe5 30. Qd2 Ra8 31. Kf2 Ra5 32. Re1 f5 33. Rd1 Re8
34. Rxd5 Rxd5 35. Qxd5+ Qxd5 36. Rxd5 g6 37. Kf3 Ra8 38. Kf4 Kf7 39. Ke5 Re8+
40. Kd4 Re4+ 41. Kc5 Rxe3 42. Kxc4 Re2 43. Kxb3 Rxg2 44. Rd3 Re2 45. c4 f4 46.
Kc3 Re5 47. b4 Rf5 48. Rf3 Ke6 49. Kd4 g5 50. c5 Kd7 51. Ke4 Rf8 52. Kd5 Rb8
53. c6+ Kc7 54. Kc5 Re8 55. b5 Re5+ 56. Kc4 Kb6 57. Rb3 Rf5 58. Rb1 f3 59. Rf1
h5 60. Kd3 g4 61. hxg4 hxg4 62. Ke3 Rxb5 63. Kf2 Kxc6 64. Rd1 Rd5 65. Re1 Kd6
66. Re4 Rd2+ 67. Kg3 Rg2+ 68. Kh4 f2 69. Rf4 Ke5 70. Rf8 Ke4 71. Re8+ Kf3 72.
Rf8+ Ke2 73. Re8+ Kf1 0-1

[Event "XXXII Memorial Edoardo Crespi B"]
[Site "Milano ITA"]
[Date "2011.12.08"]
[Round "3"]
[White "Beltrami, Francesco"]
[Black "Virzi, Ettore"]
[Result "0-1"]
[WhiteElo "1857"]
[BlackElo "1966"]
[PlyCount "134"]
[EventDate "2011.12.07"]

1. Nf3 Nf6 2. g3 g6 3. Bg2 Bg7 4. d3 d5 5. Nbd2 Nbd7 6. e4 dxe4 7. dxe4 e5 8.
O-O O-O 9. Re1 Qe7 10. a4 Rd8 11. Qe2 Ne8 12. b3 f6 13. Qc4+ Qf7 14. Ba3 Bf8
15. Bxf8 Nxf8 16. Qxf7+ Kxf7 17. Nc4 Be6 18. Bf1 Nd6 19. Nxd6+ Rxd6 20. Rad1
Rad8 21. Be2 a5 22. Rxd6 Rxd6 23. Rd1 Ke7 24. Rxd6 Kxd6 25. Nd2 Kc5 26. Bd3 Kd4
27. Kf1 Nd7 28. f4 exf4 29. gxf4 Ke3 30. f5 gxf5 31. exf5 Bd5 32. Ke1 Ne5 33.
Be2 b6 34. Nf1+ Kf4 35. Ng3 Nf3+ 36. Kf2 Nd4 37. Bd3 Bf7 38. Ne4 Ke5 39. Ng3
Be8 40. Ke3 Bd7 41. Be4 Nxf5+ 42. Bxf5 Bxf5 43. Kd2 Bg4 44. Ke3 f5 45. Nh1 f4+
46. Kd2 h5 47. Nf2 Bf5 48. Kc3 Be4 49. Kd2 Kd4 50. Nh3 Ke5 51. Nf2 Bg2 52. Kd3
Bf1+ 53. Kd2 Kf5 54. Ke1 Bg2 55. Ke2 Be4 56. Kd2 c6 57. Kc3 Ke5 58. Kd2 b5 59.
axb5 cxb5 60. c4 bxc4 61. bxc4 Kd4 62. c5 Bc6 63. Nd3 f3 64. Nf2 Kxc5 65. Kc3
a4 66. Kb2 Kd4 67. Nd1 Kd3 0-1

[Event "XXXII Memorial Edoardo Crespi B"]
[Site "Milano ITA"]
[Date "2011.12.08"]
[Round "3"]
[White "Bernago, Federico"]
[Black "Mansueti, Marco"]
[Result "1/2-1/2"]
[WhiteElo "1946"]
[BlackElo "1852"]
[PlyCount "52"]
[EventDate "2011.12.07"]

1. e4 e6 2. d3 d5 3. Nd2 c5 4. Ngf3 Nc6 5. g3 g6 6. Bg2 Bg7 7. O-O Nge7 8. c3
O-O 9. Re1 b6 10. Qc2 Bb7 11. Nf1 Qc7 12. h4 Rad8 13. N1h2 h5 14. Ng5 d4 15. c4
Bc8 16. f4 f6 17. Ngf3 e5 18. fxe5 Nxe5 19. Nxe5 fxe5 20. Bg5 Bf6 21. Qd2 Kh7
22. Bxf6 Rxf6 23. Nf3 Rdf8 24. Ng5+ Kg7 25. Rf1 Ng8 26. Rxf6 Rxf6 1/2-1/2

[Event "XXXII Memorial Edoardo Crespi B"]
[Site "Milano ITA"]
[Date "2011.12.08"]
[Round "3"]
[White "Bisignano, Giuseppe"]
[Black "Cavalleri, Giuseppe"]
[Result "1/2-1/2"]
[WhiteElo "1908"]
[BlackElo "1812"]
[PlyCount "87"]
[EventDate "2011.12.07"]

1. e4 e5 2. Nf3 d6 3. Bc4 Be7 4. d4 exd4 5. Nxd4 Nf6 6. Nc3 Bd7 7. Bg5 Nc6 8.
O-O O-O 9. f4 h6 10. Bxf6 Bxf6 11. Nf5 Bxf5 12. exf5 Bxc3 13. bxc3 Qf6 14. Rf3
Qxf5 15. Bd3 Qc5+ 16. Kh1 f5 17. Rb1 Nd8 18. Rb5 Qa3 19. Bc4+ Kh8 20. h3 a6 21.
Rb4 a5 22. Rb3 Qc5 23. Qd3 c6 24. Qd4 Qxd4 25. cxd4 d5 26. Bd3 b5 27. Re3 Ra7
28. Re5 Raf7 29. Rb1 Rf6 30. Rbe1 Nb7 31. Re8 Kg8 32. a4 bxa4 33. R8e7 R8f7 34.
Rxf7 Kxf7 35. Ra1 Ke6 36. Rxa4 Kd6 37. Ba6 Kc7 38. Bxb7 Kxb7 39. Rxa5 Re6 40.
Ra3 Re4 41. Rg3 Rxf4 42. Rxg7+ Kb6 43. c3 h5 44. Rh7 1/2-1/2

[Event "XXXII Memorial Edoardo Crespi B"]
[Site "Milano ITA"]
[Date "2011.12.08"]
[Round "3"]
[White "Bossoni, Mario"]
[Black "Fornasir, Carlo Gustavo"]
[Result "1-0"]
[WhiteElo "1952"]
[BlackElo "1868"]
[PlyCount "55"]
[EventDate "2011.12.07"]

1. e4 e5 2. Nc3 Nc6 3. g3 Nf6 4. Bg2 Bc5 5. Nge2 d6 6. Na4 Bb6 7. Nxb6 axb6 8.
d3 Be6 9. Bg5 h6 10. Bxf6 Qxf6 11. O-O O-O 12. c3 g5 13. f4 gxf4 14. gxf4 exf4
15. Nxf4 Qg5 16. Kh1 Bg4 17. Qe1 Ne5 18. Qg3 Kh7 19. Nd5 Be2 20. Nf6+ Kg6 21.
Qh3 Bxf1 22. Rxf1 Rxa2 23. d4 Nc6 24. e5 Rxb2 25. Be4+ Kg7 26. Rg1 Qxg1+ 27.
Kxg1 Ra8 28. Bg2 1-0

[Event "XXXII Memorial Edoardo Crespi B"]
[Site "Milano ITA"]
[Date "2011.12.08"]
[Round "3"]
[White "Brociner, Beniamino"]
[Black "Arnold, Daniele"]
[Result "1/2-1/2"]
[WhiteElo "1941"]
[BlackElo "1824"]
[PlyCount "120"]
[EventDate "2011.12.07"]

1. e4 c6 2. d4 d5 3. Nc3 dxe4 4. Nxe4 Bf5 5. Ng3 Bg6 6. Nf3 Nf6 7. Bc4 e6 8.
O-O Nbd7 9. Re1 Be7 10. c3 O-O 11. Qb3 Nd5 12. Bxd5 cxd5 13. Qxb7 Qc8 14. Qxc8
Rfxc8 15. Bf4 a5 16. Rac1 Ra6 17. Nf1 Rb6 18. Re2 Bd3 19. Rd2 Bc4 20. Ne3 Ba6
21. Re1 Nf6 22. Ne5 Ne4 23. Rc2 Bd6 24. Nd7 Rbc6 25. Bxd6 Rxd6 26. Ne5 f6 27.
f3 fxe5 28. dxe5 Rb6 29. fxe4 Bd3 30. Rcc1 Bxe4 31. b3 Rbc6 32. Nd1 Bd3 33. Kf2
Kf7 34. Ke3 Bb5 35. Kd4 a4 36. Ne3 axb3 37. axb3 Ke7 38. c4 dxc4 39. Nxc4 Rc5
40. Rc3 Rd5+ 41. Ke4 Rcc5 42. Kf4 h6 43. h4 g5+ 44. hxg5 hxg5+ 45. Kxg5 Bxc4
46. Rxc4 Rxe5+ 47. Rxe5 Rxe5+ 48. Kf4 Re1 49. g4 e5+ 50. Kf5 Kd6 51. g5 Kd5 52.
Rc8 Rf1+ 53. Kg6 e4 54. Rd8+ Kc5 55. Re8 Kd4 56. Kg7 e3 57. g6 Kd3 58. Kh8 e2
59. g7 Rh1+ 60. Kg8 e1=Q 1/2-1/2

[Event "XXXII Memorial Edoardo Crespi B"]
[Site "Milano ITA"]
[Date "2011.12.08"]
[Round "3"]
[White "Caldarola, Stefano"]
[Black "Swannie, Douglas"]
[Result "1/2-1/2"]
[WhiteElo "1812"]
[BlackElo "1955"]
[PlyCount "45"]
[EventDate "2011.12.07"]

1. d4 d5 2. c4 e6 3. g3 Nf6 4. Nf3 dxc4 5. Bg2 Bb4+ 6. Bd2 a5 7. O-O O-O 8. e3
b5 9. Ne5 Ra6 10. b3 cxb3 11. axb3 c5 12. dxc5 Bxc5 13. Qe2 b4 14. Rc1 Bd6 15.
Nc4 Bc7 16. Be1 Qe7 17. Rc2 Rd8 18. Rca2 Qc5 19. Nbd2 Bd7 20. Nb2 Bb5 21. Na4
Qf5 22. Qf3 Qxf3 23. Nxf3 1/2-1/2

[Event "XXXII Memorial Edoardo Crespi B"]
[Site "Milano ITA"]
[Date "2011.12.08"]
[Round "3"]
[White "Cattaneo, Marco"]
[Black "Riboldi, Raffaele"]
[Result "1-0"]
[WhiteElo "1973"]
[BlackElo "1887"]
[PlyCount "113"]
[EventDate "2011.12.07"]

1. d4 Nf6 2. Nf3 e6 3. c4 b6 4. g3 Bb7 5. Bg2 d5 6. cxd5 exd5 7. O-O Be7 8. Nc3
O-O 9. Bf4 c6 10. Rc1 Nbd7 11. a3 Re8 12. b4 a5 13. Qb3 axb4 14. axb4 b5 15.
Rfd1 Nb6 16. Nxb5 Nc4 17. Nc3 Ra3 18. Qb1 Qb6 19. b5 Qa5 20. bxc6 Bxc6 21. Ne5
Rxc3 22. Nxc6 Rxc1 23. Rxc1 Qa3 24. Nxe7+ Qxe7 25. Bf3 h6 26. Rc3 g5 27. Be3
Kg7 28. Qc1 Ne4 29. Rb3 f5 30. Bxe4 fxe4 31. Qb1 Rd8 32. Rb7 Rd7 33. Rxd7 Qxd7
34. Qb8 Qe7 35. Qb5 Qe6 36. Bc1 e3 37. fxe3 Nxe3 38. Qb7+ Kf6 39. Qb8 Kg6 40.
Qb1+ Kg7 41. Qd3 Nc4 42. Bd2 Qe4 43. Qxe4 dxe4 44. Bb4 e3 45. g4 Kg6 46. Kg2 h5
47. h3 h4 48. Kf3 Nb6 49. Bd6 Nc4 50. Bc5 Kf6 51. d5 Ke5 52. Bxe3 Nxe3 53. Kxe3
Kxd5 54. Kd3 Ke5 55. e3 Kd5 56. e4+ Ke5 57. Ke3 1-0

[Event "XXXII Memorial Edoardo Crespi B"]
[Site "Milano ITA"]
[Date "2011.12.08"]
[Round "3"]
[White "Cerioni, Armando"]
[Black "Ciciotti, Augusto"]
[Result "1-0"]
[WhiteElo "1949"]
[BlackElo "1917"]
[PlyCount "35"]
[EventDate "2011.12.07"]

1. d4 Nf6 2. Nf3 c5 3. d5 d6 4. Nc3 g6 5. e4 Bg7 6. Bb5+ Bd7 7. a4 O-O 8. O-O
Bg4 9. h3 Bc8 10. Nh2 e6 11. Bg5 Qc7 12. Be2 a6 13. Qd2 b6 14. Rad1 e5 15. f4
h6 16. fxe5 Nxe4 17. Nxe4 hxg5 18. Nf6+ 1-0

[Event "XXXII Memorial Edoardo Crespi B"]
[Site "Milano ITA"]
[Date "2011.12.08"]
[Round "3"]
[White "Cocconcelli, Lorenzo"]
[Black "Ranfagni, Stefano"]
[Result "1/2-1/2"]
[WhiteElo "1900"]
[BlackElo "1998"]
[PlyCount "40"]
[EventDate "2011.12.07"]

1. d4 e6 2. c4 f5 3. g3 Nf6 4. Bg2 c6 5. Nf3 d5 6. Nc3 Bd6 7. O-O O-O 8. Qc2
Bd7 9. Rb1 Be8 10. Ne5 Nbd7 11. f4 Ne4 12. b4 Nxe5 13. fxe5 Be7 14. Nxe4 fxe4
15. Rxf8+ Bxf8 16. Be3 Rc8 17. Qc3 Bh5 18. Bh3 Qd7 19. Rb2 Qf7 20. Qd2 Be7
1/2-1/2

[Event "XXXII Memorial Edoardo Crespi B"]
[Site "Milano ITA"]
[Date "2011.12.08"]
[Round "3"]
[White "Falchi, Claudio"]
[Black "Santini, Alberto"]
[Result "1/2-1/2"]
[WhiteElo "1784"]
[BlackElo "1872"]
[PlyCount "38"]
[EventDate "2011.12.07"]

1. e4 c6 2. Nf3 d5 3. Nc3 dxe4 4. Nxe4 Nf6 5. Nxf6+ gxf6 6. d4 Bg4 7. Be2 e6 8.
Bf4 Bd6 9. Qd2 Qc7 10. Bxd6 Qxd6 11. O-O-O Nd7 12. h3 Bf5 13. Nh4 Bg6 14. Nxg6
hxg6 15. Bf3 O-O-O 16. Qa5 Kb8 17. Rd3 Nb6 18. Kb1 Rhe8 19. Rhd1 Nc4 1/2-1/2